000 00578nam a2200229Ia 4500
003 OSt
005 20221005130130.0
006 a|||||r|||| 00| 0
007 ta
008 221004b |||||||| |||| 00| 0 kan d
024 _a61540
037 _cTextual
040 _aCRL
_cCRL
_bkan
041 _2kan
_akan
082 _aO33,3NVE,1, J6
100 _aVenkataramayya Au.
_9627842
245 0 _aRaghunathan sahasa
260 _c1956
650 _aKANNAD FICTION
942 _hO33,3NVE,1, J6
_cTEXL
_2cc
999 _c1056199
_d1056199